000
00230nam a22001097a 4500
082
_a
621.388 NIA
100
_a
NIAZ MUHAMMAD
_9
75093
245
_a
TELEVISION GUIDE
260
_a
LAHORE
_b
SUFI
_c
1975
300
_a
448P
942
_c
BK
999
_c
580580
_d
580580